Le Sphinx m'a dit /

محفوظ في:

المؤلف الرئيسي: Ramadan, Hafez. (مؤلف)

التنسيق: كتاب

اللغة: English
French
Arabic

منشور في: Le Caire : Impr. de l'Institut français d'archéologie orientale, 1946.

الموضوعات:

الوسوم: إضافة وسم

لا توجد وسوم, كن أول من يضع وسما على هذه التسجيلة!

رقم الطلب: D24.5 .R313 v.1

LEADER 00656namaa2200229 4500
001 21081
003 OSt
005 20251120073751.0
008 130303s1946 ua 000 0 eng d
040 |c ARCE Library 
041 1 |a fre  |h ara 
043 |a f-ua--- 
050 4 |a D24.5 .R313 v.1 
100 1 |a Ramadan, Hafez.  |e author 
245 1 3 |a Le Sphinx m'a dit /   |c Hafez Ramadan ; traduction de Gaston Wiet. 
264 1 |a Le Caire :  |b Impr. de l'Institut français d'archéologie orientale,  |c 1946. 
300 |a volume <1> ;   |c 26 cm. 
650 0 |a World history. 
651 0 |a Jīzah (Egypt)  |x Antiquities. 
901 |a reviewed 
942 |c BK  |2 lcc 
999 |c 18399  |d 18399